<?xml version="1.0" encoding="UTF-8"?>
<record
    xmlns:xsi="http://www.w3.org/2001/XMLSchema-instance"
    xsi:schemaLocation="http://www.loc.gov/MARC21/slim http://www.loc.gov/standards/marcxml/schema/MARC21slim.xsd"
    xmlns="http://www.loc.gov/MARC21/slim">

  <leader>00542nam a22001817a 4500</leader>
  <controlfield tag="005">20230713141902.0</controlfield>
  <controlfield tag="008">230713b        sa a|||| |||| 00| 1 SWA d</controlfield>
  <datafield tag="020" ind1=" " ind2=" ">
    <subfield code="a">9781430532538</subfield>
    <subfield code="q">pbk</subfield>
  </datafield>
  <datafield tag="040" ind1=" " ind2=" ">
    <subfield code="a">RDA</subfield>
    <subfield code="c">3228</subfield>
  </datafield>
  <datafield tag="041" ind1=" " ind2=" ">
    <subfield code="2">SWA</subfield>
  </datafield>
  <datafield tag="082" ind1=" " ind2=" ">
    <subfield code="a">SWA JF TILW</subfield>
  </datafield>
  <datafield tag="245" ind1=" " ind2=" ">
    <subfield code="a">Tilwane tasendle; Libanga 2</subfield>
  </datafield>
  <datafield tag="260" ind1=" " ind2=" ">
    <subfield code="a">Alberton North;</subfield>
    <subfield code="b">Lectio Publishers;</subfield>
    <subfield code="c">[ date of publication not identified].</subfield>
  </datafield>
  <datafield tag="300" ind1=" " ind2=" ">
    <subfield code="a">9 pages;</subfield>
    <subfield code="b">colour illustrations;</subfield>
    <subfield code="c">21 cm</subfield>
  </datafield>
  <datafield tag="490" ind1=" " ind2=" ">
    <subfield code="a">Lali</subfield>
    <subfield code="v">11</subfield>
    <subfield code="x">9781430526834</subfield>
  </datafield>
  <datafield tag="650" ind1=" " ind2=" ">
    <subfield code="a">Swati reader</subfield>
    <subfield code="9">180427</subfield>
  </datafield>
  <datafield tag="942" ind1=" " ind2=" ">
    <subfield code="2">ddc</subfield>
    <subfield code="c">BOOK</subfield>
    <subfield code="w">175</subfield>
    <subfield code="x">Naomi Mtsimane</subfield>
    <subfield code="y">175</subfield>
    <subfield code="z">Naomi Mtsimane</subfield>
  </datafield>
  <datafield tag="999" ind1=" " ind2=" ">
    <subfield code="c">755346</subfield>
    <subfield code="d">755345</subfield>
  </datafield>
  <datafield tag="952" ind1=" " ind2=" ">
    <subfield code="0">0</subfield>
    <subfield code="1">0</subfield>
    <subfield code="2">ddc</subfield>
    <subfield code="4">0</subfield>
    <subfield code="7">0</subfield>
    <subfield code="8">F</subfield>
    <subfield code="a">STANRL</subfield>
    <subfield code="b">MILAL</subfield>
    <subfield code="c">CHILD</subfield>
    <subfield code="d">2023-07-13</subfield>
    <subfield code="g">2.35</subfield>
    <subfield code="l">0</subfield>
    <subfield code="o">SWA JF TILW</subfield>
    <subfield code="p">33228031012265</subfield>
    <subfield code="r">2023-07-13</subfield>
    <subfield code="w">2023-07-13</subfield>
    <subfield code="y">BOOK</subfield>
  </datafield>
  <datafield tag="952" ind1=" " ind2=" ">
    <subfield code="0">0</subfield>
    <subfield code="1">0</subfield>
    <subfield code="2">ddc</subfield>
    <subfield code="4">0</subfield>
    <subfield code="7">0</subfield>
    <subfield code="8">F</subfield>
    <subfield code="a">STANRL</subfield>
    <subfield code="b">EMBAL</subfield>
    <subfield code="c">CHILD</subfield>
    <subfield code="d">2023-11-09</subfield>
    <subfield code="g">2.35</subfield>
    <subfield code="l">0</subfield>
    <subfield code="o">SWA JF TILW</subfield>
    <subfield code="p">33228031012423</subfield>
    <subfield code="r">2023-11-09</subfield>
    <subfield code="w">2023-11-09</subfield>
    <subfield code="y">BOOK</subfield>
  </datafield>
</record>
